Score 0/151 Timer 10:00
0 Plays Today
Answer % Correct
I
98.2%
the
95.8%
the
95.8%
The
95.8%
a
95%
You,
94%
you.
94%
you
94%
you
94%
you
94%
you
94%
It
92.7%
it,
92.7%
it
92.7%
it
92.7%
it,
92.7%
It
92.7%
no.
90.8%
see
90.3%
to
89.8%
to
89.8%
to
89.8%
to
89.8%
to
89.8%
of
89.5%
of
89.5%
of
89.5%
mirror
89%
Mirror
89%
desire
88.2%
not
88.2%
not
88.2%
not
88.2%
your
87.9%
be
87.9%
be
87.9%
shows
86.9%
shows
86.9%
and
86.4%
and
86.4%
and
86.4%
and
86.4%
Harry,
85.3%
do
85.3%
do
85.3%
for
85%
what
84%
what
84%
on
84%
on
84%
have
83.7%
Answer % Correct
have
83.7%
have
83.7%
go
81.4%
Yes
80.8%
them
79.5%
them.
79.5%
will
79.3%
will
79.3%
will
79.3%
family,
78.7%
who
77.2%
who
77.2%
most
76.6%
never
76.6%
hearts.
75.9%
our
74.8%
us
73.8%
us
73.8%
is
73.8%
looking
73.8%
if
71.7%
If
71.7%
deepest,
70.3%
that.
70.3%
that
70.3%
all
69.3%
has
69%
or
68.5%
known
68.5%
Ronald
68.5%
or
68.5%
or
68.5%
or
68.5%
moved
66.9%
does
66.9%
live,
66.9%
ask
66.4%
again.
66.4%
Weasley,
65.6%
dwell
64.6%
been
64.3%
been
64.3%
by
63.5%
by
63.5%
dreams
63.5%
his
63.3%
this
63.3%
himself
61.9%
standing
61.7%
standing
61.7%
brothers,
61.4%
Answer % Correct
more
61.2%
sees
60.9%
forget
60.9%
than
60.6%
always
59.8%
they
59.8%
nothing
59.1%
new
59.1%
best
57.2%
less
55.6%
tomorrow,
55.4%
bed?
55.4%
now
55.1%
Now,
55.1%
why
54.9%
Men
54.1%
seen,
53.8%
mad,
53.8%
real
53.8%
back
53%
don't
52.8%
around
52.2%
away
51.4%
wasted
50.1%
overshadowed
49.1%
home
47.8%
before
47%
driven
44.9%
cloak
44.1%
desperate
43.3%
remember
43.3%
put
43.3%
off
42%
give
41.2%
ever
40.7%
get
40.7%
neither
39.6%
truth.
39.6%
knowing
38.6%
alone,
37.3%
However,
31%
even
30.2%
knowledge
29.1%
across
29.1%
prepared.
26.5%
possible.
25.2%
run
22.8%
entranced
18.4%
admirable
18.1%
Remove Ads.
Support Sporcle.
Get the best of Sporcle when you Go Orange. This ad-free experience offers more features, more stats, and more fun while also helping to support Sporcle. Thank you for becoming a member.

You're not logged in!

Compare scores with friends on all Sporcle quizzes.
OR
Log In

Show Comments

Extras

Created Nov 10, 2013ReportNominate
Tags:Harry Potter Quiz

Top Quizzes Today


Score Distribution

Your Account Isn't Verified!

In order to create a playlist on Sporcle, you need to verify the email address you used during registration. Go to your Sporcle Settings to finish the process.

Report this User

Report this user for behavior that violates our Community Guidelines.

Details: